[Event "The Summer Games"]
[Site "SchemingMind.com"]
[Date "2013.08.08"]
[Round "-"]
[White "jpetric"]
[Black "mochiron"]
[Result "1-0"]
[WhiteCountry "USA"]
[BlackCountry "JPN"]
[WhiteElo "1488"]
[WhiteRD "67"]
[BlackElo "1302"]
[BlackRD "71"]
[GameID "336180"]

1. e4 c6 2. d4 d5 3. e5 Bf5 4. c3 e6 5. Bd3 Be7 6. Bf4 Nh6 7. Bxh6 gxh6 8. Bxf5 exf5 9. Qh5 Bg5 10. h4 Nd7
11. hxg5 Qxg5 12. Qxg5 hxg5 13. Nd2 h5 14. Ngf3 g4 15. Nh4 O-O-O 16. Nxf5 c5 17. Nd6+ Kc7 18. Nxf7 Rdf8 19. Nxh8 Rxh8 20. O-O-O cxd4
21. cxd4 Nb6 22. Nb3 h4 23. Nc5 h3 24. Rh2 Rf8 25. Ne6+ Kd7 26. Nxf8+ Ke7 27. Ng6+ Kf7 28. Nf4 hxg2 29. Rxg2 Nc4 30. Rxg4 b5
31. Nxd5 Ke6 32. Nc7+ Kf5 33. Rdg1
1-0

[Event "The Summer Games"]
[Site "SchemingMind.com"]
[Date "2013.08.08"]
[Round "-"]
[White "ray winteringham"]
[Black "mochiron"]
[Result "1-0"]
[WhiteCountry "ENG"]
[BlackCountry "JPN"]
[WhiteElo "1488"]
[WhiteRD "51"]
[BlackElo "1328"]
[BlackRD "71"]
[GameID "336181"]

1. e4 b6 2. d4 Bb7 3. Bd3 Nc6 4. Be3 d5 5. e5 e6 6. Nf3 Be7 7. O-O Qd7 8. c4 O-O-O 9. Nc3 dxc4 10. Bxc4 Nb4
11. a3 Nd5 12. Qd3 Nxc3 13. bxc3 f6 14. Nd2 fxe5 15. f3 h5 16. Rfd1 Nf6 17. Nb3 exd4 18. Nxd4 Nd5 19. Qg6 Nxe3 20. Nc2 Nd5
21. Ne3 Bc5 22. Bxd5 exd5 23. Qg5 Bxe3+ 24. Qxe3 Rde8 25. Qd3 h4 26. c4 d4 27. Qxd4 Qxd4+ 28. Rxd4 Re2 29. Rad1 Kb8 30. Kf1 Re7
31. Rf4 Rc8 32. Rxh4 g5 33. Rg4 c6 34. Rxg5 c5 35. g4 Rh7 36. Kg2 Rf7 37. Rd3 a5 38. Kg3 Ka7 39. h4 Ba6 40. Rc3 Re8
41. h5 Rc8 42. Re5 Rd8 43. f4 b5 44. cxb5 Bxb5 45. Rcxc5 Bf1 46. Rxa5+ Kb6 47. Rg5 Rdd7 48. Rae5 Rd3+ 49. Kh2 Rxa3 50. Kg1 Ba6
51. h6 Bd3 52. f5 Ra1+ 53. Kf2 Rfa7 54. Rg6+ Kc7 55. h7 Ra8 56. Re7+ Kd8 57. Rf7 R8a2+ 58. Ke3 Re1+ 59. Kxd3 Rd1+ 60. Ke3 Ke8
61. h8=Q+ Kxf7 62. Qg8+ Ke7 63. Qxa2
1-0

[Event "The Summer Games"]
[Site "SchemingMind.com"]
[Date "2013.08.08"]
[Round "-"]
[White "DefensaSiciliana"]
[Black "mochiron"]
[Result "0-1"]
[WhiteCountry "ESP"]
[BlackCountry "JPN"]
[WhiteElo "1544"]
[WhiteRD "78"]
[BlackElo "1328"]
[BlackRD "71"]
[GameID "336182"]

1. e4 Nc6 2. c4 Nf6 3. Nc3 e5 4. g3 d6 5. Bg2 Be7 6. h3 O-O 7. Nge2 Bd7 8. O-O h6 9. d3 Nd4 10. Nxd4 exd4
11. Ne2 Nh7 12. Nxd4 Bg5 13. f4 Be7 14. Be3 c5 15. Ne2 f5 16. Kh2 fxe4 17. dxe4 b5 18. Nc3 bxc4 19. Qd5+ Kh8 20. Qxc4 Bf6
21. Rad1 Bxc3 22. Qxc3 Nf6 23. Rxd6 Rf7 24. e5 Rc8 25. exf6 gxf6 26. Rfd1 Rc7 27. Qc4 Qe8 28. Bg1 Re7 29. Rxf6 Re2 30. Rf8+ Qxf8
31. Qxe2 Qf5 32. Qe7 h5 33. Be4 Qxh3#
0-1

[Event "The Summer Games"]
[Site "SchemingMind.com"]
[Date "2013.08.08"]
[Round "-"]
[White "Paul7926"]
[Black "mochiron"]
[Result "0-1"]
[WhiteCountry "ENG"]
[BlackCountry "JPN"]
[WhiteElo "1313"]
[WhiteRD "80"]
[BlackElo "1328"]
[BlackRD "71"]
[GameID "336183"]

1. d4 f5 2. c4 Nf6 3. Nf3 d6 4. g3 e6 5. Bg2 Be7 6. O-O O-O 7. Bf4 c6 8. Nc3 d5 9. c5 b6 10. b4 bxc5
11. bxc5 Nbd7 12. Ne5 Nxe5 13. dxe5 Ne4 14. Nxe4 dxe4 15. Qxd8 Bxd8 16. Rad1 Be7 17. Rc1 Ba6 18. Rc2 Rad8 19. f3 exf3 20. Bxf3 g5
21. Be3 f4 22. gxf4 gxf4 23. Bxf4 Rxf4 24. Kf2 Bh4+ 25. Ke3 Rdd4 26. Rg1+ Kf7 27. Rg2 h6 28. Rd2 Rxd2 29. Kxf4 Rxa2 30. Bxc6 Bg5+
31. Kf3 Ra3+ 32. Kg4 Ke7 33. h4 Bd2 34. Kh5 Re3 35. Kxh6 Rxe2+ 36. Kh5= Rxg2 37. Bxg2 Be2+ 38. Kg6 a5 39. c6 Ba6 40. h5 a4
41. h6 Bxh6 42. Kxh6 a3 43. Bd5 exd5 44. e6 a2 45. c7 Bc8 46. Kg6 Kxe6 47. Kg5 a1=Q 48. Kf4 Kd6 49. Ke3 Kxc7 50. Kd3 Qa4
51. Kc3 Bf5 52. Kd2 Qb3
0-1